| 000 | 01237nam a22003257a 4500 | ||
|---|---|---|---|
| 003 | EG-ScBUE | ||
| 005 | 20211104125447.0 | ||
| 008 | 200219s1997 enk f 000 0 eng d | ||
| 020 | _a1871672244 | ||
| 040 |
_aEG-ScBUE _beng _erda _cEG-ScBUE _dEG-ScBUE |
||
| 082 | 0 | 4 |
_a370 _bWES _222 |
| 100 | 1 |
_aWesthead, Paul, _eauthor. _934208 |
|
| 245 | 1 | 0 |
_aStudents in small business : _ban assessment of the 1994 STEP student placement scheme / _cby Paul Westhead ; edited by Colin Gray, small business research trust. |
| 264 | 1 |
_aCoventry, United Kingdom : _bSmall Business Research Trust, _c[1997] |
|
| 300 |
_a55 pages ; _c24 cm |
||
| 336 |
_atext _2rdacontent _btxt |
||
| 337 |
_aunmediated _2rdamedia _bn |
||
| 338 |
_avolume _2rdacarrier _bnc |
||
| 650 | 7 |
_aEducation and training. _2BUEsh |
|
| 650 | 7 |
_aLabor. _2BUEsh |
|
| 653 |
_aEducation & training _cNovember2021 _bGGEN |
||
| 653 | _aLabour studies | ||
| 655 |
_vReading book _934232 |
||
| 700 | 1 |
_aGray, Colin, _d1944 June 11- _eeditor. |
|
| 710 | 2 | _aSmall Business Research Trust. | |
| 883 | 0 |
_aLanguage codes assigned by Bayesian analysis of words present in record _d20200826 _qUk _c0.9919 |
|
| 942 |
_2ddc _cBB |
||
| 999 |
_c29634 _d29605 |
||